Fundamental managerial accounting concepts / (Record no. 28002)

MARC details
000 -LEADER
fixed length control field 02177cam a2200409 i 4500
001 - CONTROL NUMBER
control field 19070825
003 - CONTROL NUMBER IDENTIFIER
control field EG-ScBUE
005 - DATE AND TIME OF LATEST TRANSACTION
control field 20201128024421.0
008 - FIXED-LENGTH DATA ELEMENTS--GENERAL INFORMATION
fixed length control field 160428t2017 nyua f d 001 0 eng d
020 ## - INTERNATIONAL STANDARD BOOK NUMBER
International Standard Book Number 9781259569197
020 ## - INTERNATIONAL STANDARD BOOK NUMBER
International Standard Book Number 1259569195
040 ## - CATALOGING SOURCE
Original cataloging agency DLC
Language of cataloging eng
Description conventions rda
Transcribing agency DLC
Modifying agency DLC
-- EG-ScBUE
082 04 - DEWEY DECIMAL CLASSIFICATION NUMBER
Classification number 658.1511
Item number EDM
Edition number 22
100 1# - MAIN ENTRY--PERSONAL NAME
Personal name Edmonds, Thomas P.,
Relator term author.
245 10 - TITLE STATEMENT
Title Fundamental managerial accounting concepts /
Statement of responsibility, etc Thomas P. Edmonds, University of Alabama-Birmingham [and three others]
250 ## - EDITION STATEMENT
Edition statement Eighth edition.
264 #1 - PUBLICATION, DISTRIBUTION, ETC. (IMPRINT)
Place of publication, distribution, etc New York, NY :
Name of publisher, distributor, etc McGraw-Hill Education,
Date of publication, distribution, etc [2017]
264 #4 - PUBLICATION, DISTRIBUTION, ETC. (IMPRINT)
Date of publication, distribution, etc c2017
300 ## - PHYSICAL DESCRIPTION
Extent xxxvi, 715 pages :
Other physical details color illustrations ;
Dimensions 29 cm
336 ## - CONTENT TYPE
Content type term text
Source rdacontent
Content type code txt
337 ## - MEDIA TYPE
Media type term unmediated
Source rdamedia
Media type code n
338 ## - CARRIER TYPE
Carrier type term volume
Source rdacarrier
Carrier type code nc
500 ## - GENERAL NOTE
General note Revised edition of Fundamental managerial accounting concepts, 2014.
500 ## - GENERAL NOTE
General note Includes glossary.
500 ## - GENERAL NOTE
General note Includes index.
505 0# - FORMATTED CONTENTS NOTE
Formatted contents note Management accounting and corporate governance -- Cost behavior, operating leverage, and profitability analysis -- Analysis of cost, volume, and pricing to increase profitability -- Cost accumulation, tracing, and allocation -- Cost management in an automated business environment : ABC, ABM, and TQM -- Relevant information for special decisions -- Planning for profit and cost control -- Performance evaluation -- Responsibility accounting -- Planning for capital investments -- Product costing in service and manufacturing entities -- Job-order, process, and hybrid costing systems -- Financial statement analysis -- Statement of cash flows -- Appendix A: Accessing the edgar database through the internet -- Glossary -- Photo credits -- Index.
650 #7 - SUBJECT ADDED ENTRY--TOPICAL TERM
Topical term or geographic name as entry element Managerial accounting.
Source of heading or term BUEsh
653 ## - INDEX TERM--UNCONTROLLED
Resource For college BAEPS, Business Administration
Arrived date list February2020
655 ## - INDEX TERM--GENRE/FORM
Form subdivision Reading book
9 (RLIN) 34232
700 1# - ADDED ENTRY--PERSONAL NAME
Personal name Edmonds, Christopher T.,
Relator term author.
700 1# - ADDED ENTRY--PERSONAL NAME
Personal name Tsay, Bor-Yi,
Relator term author.
700 1# - ADDED ENTRY--PERSONAL NAME
Personal name Olds, Philip R.,
Relator term author.
9 (RLIN) 2061
906 ## - LOCAL DATA ELEMENT F, LDF (RLIN)
a 7
b cbc
c orignew
d 1
e ecip
f 20
g y-gencatlg
942 ## - ADDED ENTRY ELEMENTS (KOHA)
Source of classification or shelving scheme Dewey Decimal Classification
Koha item type Book - Borrowing
Holdings
Withdrawn status Lost status Source of classification or shelving scheme Damaged status Not for loan Collection code Home library Current library Shelving location Date acquired Source of acquisition Cost, normal purchase price Serial Enumeration / chronology Total Checkouts Total Renewals Full call number Barcode Date last seen Date checked out Cost, replacement price Price effective from Koha item type
    Dewey Decimal Classification     Baccah Central Library Central Library First floor 08/02/2020 Purchase 968.00 34034 1 14 658.1511 EDM 000048576 15/07/2025 21/04/2021 1210.00 08/02/2020 Book - Borrowing